000 006340000a22002170004500
003 LK-CoMWRAF
005 20230919143308.0
008 230817t1999 ||||| |||| 00| 0 eng d
020 _a0761993592
040 _aLK-CoMWRAF
_dLK-CoMWRAF
_eLK-CoMWRAF
041 _aeng
082 _a323.154
_bETH
245 _aEthnic Futures:
_bThe State and Identity Politics in Asia
260 _aNew Delhi:
_bSage Publication,
_c1999
300 _a209 p. ; 23 cm.
650 _aPOLITICS AND GOVERNMENT-South Asia
650 _aEthnic relations-South Asia
650 _aEthnic relations-Malaysia
700 _aPfaff-Czarneck, Joanna
942 _cBK
999 _c84
_d84